| 000 | 00421pam a2200157 a 4500 | ||
|---|---|---|---|
| 020 | _a0070508143 : | ||
| 040 | _cDLC | ||
| 082 | 0 | 0 | _a005 MCG 1992 A005 Or. |
| 100 | 1 | _aPressman, Roger S. | |
| 245 | 1 | 0 |
_aSoftware engineering : _ba practitioner's approach / |
| 250 | _a3rd ed. | ||
| 260 |
_aNew York : _bMcGraw-Hill, _cc1992. |
||
| 300 |
_axxi, 793 p. : _bill. ; _c25 cm. |
||
| 650 | 0 | _aSoftware engineering. | |
| 942 | _cEK | ||
| 999 |
_c12937 _d12937 |
||